000 00579nam a2200205Ia 4500
005 20250508160838.0
008 008 250505s9999 xx 000 0 eng d
020 _a0-7156-0581-X
037 _aTextual
040 _aFEDL
_beng
_cFEDL
041 _aeng
_2eng
084 _a370.94, PET
_qFEDL
100 _aPeterson A D C
245 0 _aHuntered years of Education
260 _aLondon, UK
_bThe English Language Book Society and Gerald Duckworth
_c1971
300 _a276p
650 _aEducation
942 _cTEXL
_h370.94, PET
999 _c1366944
_d1366944